000 00397nam a2200157Ia 4500
008 151213s9999 xx 000 0 und d
100 _aJ,. H. Plumb
245 _aEngland In The Eighteenth Century
_cJ,. H. Plumb
250 _a1st
260 _aLondon
_bPenguing Boods
_c1950
300 _a4560 p.
650 _aEnglish
650 _aEnglish Literature
700 _aJ,. H. Plumb
999 _c2934
_d2934